000 00310nam a22001337a 4500
008 170612b xxu||||| |||| 00| 0 eng d
020 _a9781626361393
041 _aeng
080 _26 ED
_a328
100 _a19
101 _aSHP
245 _aPOLITICS MIDDLE EAST NORTH AFRICA
_cLONG.D
942 _2udc
_cBK
999 _c16989
_d16989